Sports Quiz

Random Sports or MLB Quiz

Top 10 Home Run Hitters All-Time by Franchise Quiz Stats

Quiz Updated Oct 9, 2017

Challenge
Share
Tweet
Score 0/300 Timer 20:00
12 Plays Today
% Correct
Hank Aaron
93.6%
Babe Ruth
93.5%
Ted Williams
91.7%
Matt Williams
91.2%
Matt Williams
91.2%
Billy Williams
91.2%
Bernie Williams
91.2%
Ken Williams
91%
Cy Williams
91%
Chipper Jones
90.7%
Andruw Jones
90.4%
Barry Bonds
89.9%
Barry Bonds
89.9%
Sammy Sosa
89.2%
Bobby Bonds
89.1%
Luis Gonzalez
88.8%
Ken Griffey
88.6%
Ken Griffey
88.6%
Juan Gonzalez
88.6%
Adrian Gonzalez
88.6%
Adam Jones
88.4%
Alex Rodriguez
88.2%
Alex Rodriguez
88.2%
Alex Rodriguez
88.2%
David Ortiz
87.7%
Ivan Rodriguez
87.7%
Frank Thomas
87.5%
Frank Thomas
87.5%
Mickey Mantle
87.1%
Gorman Thomas
87%
Manny Ramirez
86%
Manny Ramirez
86%
Albert Pujols
85.9%
Willie Mays
85.9%
Hanley Ramirez
85.6%
Aramis Ramirez
85.6%
Jeff Bagwell
85%
Cal Ripken
84.6%
George Brett
84.3%
Mark McGwire
83.7%
Mark McGwire
83.7%
Jim Thome
83.5%
Ryan Howard
83.5%
Frank Howard
83.2%
Mike Schmidt
83%
Reggie Jackson
82.4%
Todd Helton
82.1%
Frank Robinson
82.1%
Lou Gehrig
82.1%
Brooks Robinson
82%
Ernie Banks
81.3%
Prince Fielder
81.2%
Cecil Fielder
81.1%
Chris Davis
80.3%
Craig Biggio
80.3%
Harmon Killebrew
79.3%
Stan Musial
78.9%
Johnny Bench
78.6%
Miguel Cabrera
77.7%
Larry Walker
77.7%
Edgar Martinez
77.1%
Carlos Gonzalez
77.1%
Joe DiMaggio
75.7%
Joe Carter
75.4%
Gary Carter
75.3%
Giancarlo Stanton
74.9%
Miguel Cabrera
74.7%
Evan Longoria
74.6%
Willie Stargell
74.2%
Jose Canseco
73.8%
Carl Yastrzemski
73.6%
Derek Jeter
73.5%
Howard Johnson
73%
George Bell
72.9%
Bob Johnson
72.9%
Jay Bell
72.9%
Darryl Strawberry
72.8%
Ryan Braun
72.8%
Vladimir Guerrero
72.3%
Vladimir Guerrero
72.3%
Pedro Guerrero
72.1%
Al Kaline
71.9%
David Wright
71.8%
Willie McCovey
71.8%
Paul Konerko
71.5%
Kirby Puckett
71.5%
Robin Yount
71.4%
Brady Anderson
70.9%
Garret Anderson
70.8%
Jose Bautista
70.6%
Albert Belle
70%
Eddie Murray
69.9%
Eric Davis
69.9%
Glenn Davis
69.8%
Alvin Davis
69.8%
Chili Davis
69.8%
Lance Berkman
69.7%
Mike Piazza
69.2%
Mike Piazza
69.2%
Yogi Berra
68.9%
% Correct
Carlos Delgado
68.5%
Roberto Clemente
68.1%
Jimmie Foxx
67.8%
Jimmie Foxx
67.8%
Jim Rice
67.5%
Mel Ott
67.1%
Mike Trout
66%
Eddie Mathews
65.7%
Fred McGriff/Khalil Greene
65.4%
Adam Dunn
65.4%
Tony Gwynn
65.3%
Carlos Beltran
64.9%
Dale Murphy
64.8%
Rafael Palmeiro
64.8%
Rafael Palmeiro
64.8%
Ryne Sandberg
64.5%
Andre Dawson
63.7%
Jay Buhner
63.6%
Fred McGriff
63.5%
Duke Snider
63%
Carlos Lee
62.6%
Derrek Lee
62.6%
Eric Hosmer
62.5%
Hack Wilson
61.9%
Preston Wilson
61.8%
Gary Sheffield
61.5%
Dante Bichette
61.1%
Andres Galarraga
61.1%
Andres Galarraga
61.1%
Carlos Pena
60.7%
Hank Greenberg
60.2%
Jimmy Rollins
60.1%
Tim Salmon
59.8%
Jason Giambi
59.7%
Bryce Harper
59.6%
Tony Perez
59.2%
Justin Morneau
59.1%
Paul Molitor
58.7%
Dwight Evans
58.6%
Michael Young
57.9%
Chris Young
57.9%
Paul Goldschmidt
57.9%
Troy Tulowitzki
57.6%
Mo Vaughn
57.4%
Greg Vaughn
57.3%
Ryan Zimmerman
57.1%
Ron Santo
57%
Carlton Fisk
56.8%
Justin Upton
56.8%
Chase Utley
56.1%
Dave Winfield
55.9%
Kent Hrbek
54.7%
Jim Edmonds
54.6%
Steve Garvey
54.6%
Frank White
54.1%
Ralph Kiner
54.1%
Vinny Castilla
53.4%
Jeff Kent
53.1%
Andrew McCutchen
53.1%
Troy Glaus
52.9%
George Foster
52.7%
Will Clark
52.6%
Joey Votto
52.2%
Jose Cruz
51.8%
Carl Crawford
51.5%
Boog Powell
51%
Edwin Encarnacion
50.9%
Jason Bay
50.9%
Torii Hunter
50.4%
Steven Souza
50.2%
Carlos Lee
49.9%
Mark Reynolds
49.9%
Jermaine Dye
49.9%
Dave Kingman
49.7%
Dave Parker
49.4%
Matt Holliday
49.1%
Jorge Posada
48.8%
Nelson Cruz
48.3%
Matt Kemp
48%
Magglio Ordonez
47.8%
Billy Butler
47.4%
B.J. Upton
47.1%
Nelson Cruz
46.5%
Roy Campanella
45.8%
Dan Uggla
45.7%
Ken Caminiti
45.6%
Ron Cey
45.5%
Javy Lopez
45.5%
Lou Whitaker
45.2%
Gil Hodges
44.4%
Gary Gaetti
43.7%
Bret Boone
43.7%
Jay Bruce
43.7%
Vernon Wells
43.7%
Rogers Hornsby
43.3%
Norm Cash
42.8%
Travis Hafner
42.6%
Harold Baines
42.5%
Orlando Cepeda
42.4%
Cecil Cooper
42.3%
% Correct
Steve Finley
42%
Nolan Arenado
41.4%
Mike Sweeney
41.4%
Graig Nettles
40.4%
Alex Gordon
40%
Adrian Beltre
39.7%
Greg Luzinski
39.1%
Al Simmons
39.1%
Ted Simmons
39%
Eric Chavez
39%
Albert Pujols
38.9%
Dick Allen
38.6%
Mike Lowell
38.2%
Johnny Mize
37.7%
Lance Parrish
37.1%
Brian Giles
37.1%
Don Baylor
36.9%
Eric Karros
36.7%
Jesse Barfield
36.5%
Pat Burrell
36.5%
Jeff Conine
36.1%
Rocky Colavito
35.9%
Ben Zobrist
35.7%
Robin Ventura
35.1%
Ted Kluszewski
34.4%
Nate Colbert
33.9%
Jim Wynn
33.8%
Ryan Klesko
33.4%
Hal McRae
33.3%
Tony Oliva
33.2%
Adam Lind
32.8%
Raul Ibanez
32.8%
Tim Wallach
32.6%
Ian Kinsler
32.6%
Chuck Klein
32.1%
Bob Horner
31.7%
Amos Otis
31%
Richard Hidalgo
30.6%
Bobby Doerr
30.5%
Phil Nevin
30.3%
Aubrey Huff
30.3%
Willie Horton
29.8%
Cesar Cedeno
29.5%
Ben Oglivie
29.4%
Ken Boyer
28.4%
Sal Bando
28.2%
John Mayberry
28.1%
Ruben Sierra
28%
Geoff Jenkins
27.8%
Brian McCann
27.7%
Bobby Grich
27.5%
Ray Lankford
27.3%
Brian Downing
27%
Al Rosen
26.9%
Jeromy Burnitz
26.8%
Bill Mazeroski
26.6%
Joe Adcock
26.2%
Ken Singleton
25.8%
Todd Hundley
25.8%
Tom Brunansky
25.7%
Matthew Joyce
25.7%
Jose Vidro
25.6%
Danny Tartabull
25.5%
Lucas Duda
25%
Larry Doby
24.7%
Bob Allison
24.5%
Gabby Hartnett
23.7%
Rico Petrocelli
23.6%
Ron Kittle
23.6%
Kevin McReynolds
23.5%
Miguel Montero
23.2%
Lloyd Moseby
22.6%
Andre Thornton
22.5%
Earl Averill
22.4%
Chase Headley
22.2%
Ian Desmond
22.1%
Cliff Floyd
21.8%
Bobby Thomson
21.7%
Brad Hawpe
21.5%
Bill Freehan
21.3%
Hank Sauer
20.1%
Hal Trosky
20%
Benito Santiago
19.8%
Del Ennis
19.7%
Edgardo Alfonzo
18.7%
Roy Sievers
18.6%
Rudy York
18.4%
Bob Watson
18.1%
Bill Melton
17.9%
Carl Furillo
17.8%
Ernie Whitt
17.5%
Kyle Seager
17%
Jim Bottomley
17%
Wally Berger
15.6%
Bill Nicholson
15.3%
Jonny Gomes
14.9%
Gus Zernial
14.5%
Chad Tracy
14.4%
Jim Presley
13.5%
Bob Bailey
12.8%

You're not logged in!

Compare scores with friends on all Sporcle quizzes.
Join for Free
OR
Log In

You Might Also Like...

Show Comments

Extras

Top Quizzes Today


Score Distribution

Your Account Isn't Verified!

In order to create a playlist on Sporcle, you need to verify the email address you used during registration. Go to your Sporcle Settings to finish the process.

Report this User

Report this user for behavior that violates our Community Guidelines.

Details: